000 00361nam a22001577a 4500
003 SGT
020 _a978-81-7473-289-7
082 _a616.01
_bPAN
100 _aPANDA, DR. U.N.
245 _aHANDBOOK OF MICROBIOLOGY AND PARASITOLOGY
250 _a3RD
260 _aINDIA
_bAITBS PUB.
_c2026
300 _a178
650 _aMICROBIOLOGY
942 _2ddc
_cBK
999 _c32910
_d32910